<?xml version="1.0" encoding="UTF-8"?>
<record
    xmlns:xsi="http://www.w3.org/2001/XMLSchema-instance"
    xsi:schemaLocation="http://www.loc.gov/MARC21/slim http://www.loc.gov/standards/marcxml/schema/MARC21slim.xsd"
    xmlns="http://www.loc.gov/MARC21/slim">

  <leader>01544nam2a22002531  4500</leader>
  <controlfield tag="001">RU\NLR\INFOCOMM6\1000466230</controlfield>
  <controlfield tag="005">20250617122616.0</controlfield>
  <datafield tag="035" ind1=" " ind2=" ">
    <subfield code="a">(NLR Aleph) 002600758</subfield>
  </datafield>
  <datafield tag="090" ind1=" " ind2=" ">
    <subfield code="a">3441896</subfield>
    <subfield code="c">3441896</subfield>
  </datafield>
  <datafield tag="100" ind1=" " ind2=" ">
    <subfield code="a">20040623d1983    |||y0rusy50      ca</subfield>
  </datafield>
  <datafield tag="101" ind1="0" ind2=" ">
    <subfield code="a">rus</subfield>
  </datafield>
  <datafield tag="102" ind1=" " ind2=" ">
    <subfield code="a">RU</subfield>
  </datafield>
  <datafield tag="105" ind1=" " ind2=" ">
    <subfield code="a">y   |||||||||</subfield>
  </datafield>
  <datafield tag="200" ind1="1" ind2=" ">
    <subfield code="a">&#x41E;&#x441;&#x43E;&#x431;&#x435;&#x43D;&#x43D;&#x43E;&#x441;&#x442;&#x438; &#x441;&#x442;&#x440;&#x43E;&#x438;&#x442;&#x435;&#x43B;&#x44C;&#x441;&#x442;&#x432;&#x430; &#x43C;&#x430;&#x433;&#x438;&#x441;&#x442;&#x440;&#x430;&#x43B;&#x44C;&#x43D;&#x44B;&#x445; &#x442;&#x440;&#x443;&#x431;&#x43E;&#x43F;&#x440;&#x43E;&#x432;&#x43E;&#x434;&#x43E;&#x432; &#x438;&#x437; &#x43C;&#x43D;&#x43E;&#x433;&#x43E;&#x441;&#x43B;&#x43E;&#x439;&#x43D;&#x44B;&#x445; &#x442;&#x440;&#x443;&#x431;</subfield>
    <subfield code="f">&#x412;.&#x41B;. &#x411;&#x435;&#x440;&#x435;&#x437;&#x438;&#x43D; &#x438; &#x434;&#x440;.</subfield>
  </datafield>
  <datafield tag="210" ind1=" " ind2=" ">
    <subfield code="d">1983</subfield>
    <subfield code="a">&#x411;. &#x43C;.</subfield>
  </datafield>
  <datafield tag="461" ind1=" " ind2="0">
    <subfield code="1">001RU\NLR\INFOCOMM6\1000466227</subfield>
    <subfield code="1">2001#$a&#x41E;&#x441;&#x43D;&#x43E;&#x432;&#x43D;&#x44B;&#x435; &#x43D;&#x430;&#x43F;&#x440;&#x430;&#x432;&#x43B;&#x435;&#x43D;&#x438;&#x44F; &#x440;&#x430;&#x437;&#x432;&#x438;&#x442;&#x438;&#x44F; &#x43E;&#x442;&#x440;&#x430;&#x441;&#x43B;&#x438;$e&#x41E;&#x431;&#x437;&#x43E;&#x440;. &#x438;&#x43D;&#x444;&#x43E;&#x440;&#x43C;.$i&#x421;&#x435;&#x440;&#x438;&#x44F; "&#x421;&#x442;&#x440;&#x43E;&#x438;&#x442;&#x435;&#x43B;&#x44C;&#x441;&#x442;&#x432;&#x43E; &#x43C;&#x430;&#x433;&#x438;&#x441;&#x442;&#x440;&#x430;&#x43B;&#x44C;&#x43D;&#x44B;&#x445; &#x442;&#x440;&#x443;&#x431;&#x43E;&#x43F;&#x440;&#x43E;&#x432;&#x43E;&#x434;&#x43E;&#x432;"$f&#x412;&#x441;&#x435;&#x441;&#x43E;&#x44E;&#x437;. &#x43D;.-&#x438;. &#x438; &#x43F;&#x440;&#x43E;&#x435;&#x43A;&#x442;.-&#x43A;&#x43E;&#x43D;&#x441;&#x442;&#x440;&#x443;&#x43A;&#x442;. &#x438;&#x43D;-&#x442; &#x412;&#x41D;&#x418;&#x418;&#x41F;&#x41A;&#x442;&#x435;&#x445;&#x43E;&#x440;&#x433;&#x43D;&#x435;&#x444;&#x442;&#x435;&#x433;&#x430;&#x437;&#x441;&#x442;&#x440;&#x43E;&#x439;$v1983, &#x412;&#x44B;&#x43F;.3</subfield>
    <subfield code="9">3441870</subfield>
    <subfield code="c">&#x41C;.</subfield>
    <subfield code="d">1983-</subfield>
    <subfield code="f">&#x412;&#x441;&#x435;&#x441;&#x43E;&#x44E;&#x437;. &#x43D;.-&#x438;. &#x438; &#x43F;&#x440;&#x43E;&#x435;&#x43A;&#x442;.-&#x43A;&#x43E;&#x43D;&#x441;&#x442;&#x440;&#x443;&#x43A;&#x442;. &#x438;&#x43D;-&#x442; &#x412;&#x41D;&#x418;&#x418;&#x41F;&#x41A;&#x442;&#x435;&#x445;&#x43E;&#x440;&#x433;&#x43D;&#x435;&#x444;&#x442;&#x435;&#x433;&#x430;&#x437;&#x441;&#x442;&#x440;&#x43E;&#x439;</subfield>
    <subfield code="i">&#x421;&#x435;&#x440;&#x438;&#x44F; "&#x421;&#x442;&#x440;&#x43E;&#x438;&#x442;&#x435;&#x43B;&#x44C;&#x441;&#x442;&#x432;&#x43E; &#x43C;&#x430;&#x433;&#x438;&#x441;&#x442;&#x440;&#x430;&#x43B;&#x44C;&#x43D;&#x44B;&#x445; &#x442;&#x440;&#x443;&#x431;&#x43E;&#x43F;&#x440;&#x43E;&#x432;&#x43E;&#x434;&#x43E;&#x432;"</subfield>
    <subfield code="n">&#x412;&#x41D;&#x418;&#x418;&#x41F;&#x41A;&#x442;&#x435;&#x445;&#x43E;&#x440;&#x433;&#x43D;&#x435;&#x444;&#x442;&#x435;&#x433;&#x430;&#x437;&#x441;&#x442;&#x440;&#x43E;&#x439;</subfield>
    <subfield code="o">&#x41E;&#x431;&#x437;&#x43E;&#x440;. &#x438;&#x43D;&#x444;&#x43E;&#x440;&#x43C;.</subfield>
    <subfield code="t">&#x41E;&#x441;&#x43D;&#x43E;&#x432;&#x43D;&#x44B;&#x435; &#x43D;&#x430;&#x43F;&#x440;&#x430;&#x432;&#x43B;&#x435;&#x43D;&#x438;&#x44F; &#x440;&#x430;&#x437;&#x432;&#x438;&#x442;&#x438;&#x44F; &#x43E;&#x442;&#x440;&#x430;&#x441;&#x43B;&#x438;</subfield>
    <subfield code="x">0131-478</subfield>
    <subfield code="v">1983, &#x412;&#x44B;&#x43F;.3</subfield>
  </datafield>
  <datafield tag="700" ind1=" " ind2="1">
    <subfield code="a">&#x411;&#x435;&#x440;&#x435;&#x437;&#x438;&#x43D;</subfield>
    <subfield code="b">&#x412;.&#x41B;.</subfield>
    <subfield code="4">070</subfield>
  </datafield>
  <datafield tag="801" ind1=" " ind2="1">
    <subfield code="a">RU</subfield>
    <subfield code="b">InfoComm</subfield>
    <subfield code="c">20040623</subfield>
  </datafield>
  <datafield tag="801" ind1=" " ind2="0">
    <subfield code="a">RU</subfield>
    <subfield code="b">NLR</subfield>
    <subfield code="g">PSBO</subfield>
  </datafield>
  <datafield tag="852" ind1=" " ind2=" ">
    <subfield code="a">NLR</subfield>
    <subfield code="j">&#x41F;10/5969</subfield>
  </datafield>
  <datafield tag="942" ind1=" " ind2=" ">
    <subfield code="c">ISSUE</subfield>
  </datafield>
  <datafield tag="980" ind1=" " ind2=" ">
    <subfield code="a">NB</subfield>
  </datafield>
  <datafield tag="980" ind1=" " ind2=" ">
    <subfield code="a">RUSPER</subfield>
  </datafield>
</record>
